[Event "4NCL"]
[Site "De Vere, Sunningdale, ENG"]
[Date "2012.02.12"]
[Round "116.4"]
[White "Truran, Michael C"]
[Black "Jackson, Sheila"]
[Result "1/2-1/2"]
[WhiteElo "2195"]
[BlackElo "2162"]
[PlyCount "153"]
[EventDate "2012.??.??"]
[WhiteTeam "Brown Jack"]
[BlackTeam "Spirit of Atticus"]

1. d4 Nf6 2. Nf3 e6 3. c4 b6 4. Bf4 Bb7 5. e3 Bb4+ 6. Nbd2 O-O 7. Be2 d6 8. O-O
Bxd2 9. Qxd2 Nbd7 10. b4 a5 11. a3 axb4 12. axb4 Qe7 13. Qb2 h6 14. h3 Ne4 15.
Rfc1 g5 16. Bh2 Rxa1 17. Rxa1 Ra8 18. Rxa8+ Bxa8 19. Qa1 Qd8 20. Ne1 f5 21. f3
Nef6 22. g4 fxg4 23. hxg4 Bb7 24. e4 Qa8 25. Qxa8+ Bxa8 26. Nd3 Kf7 27. e5 Ne8
28. Kf2 d5 29. c5 b5 30. Nc1 c6 31. f4 Nc7 32. fxg5 hxg5 33. Kf3 Na6 34. Na2
Bb7 35. Bg1 Bc8 36. Bd3 Kg7 37. Be3 Kh6 38. Bd2 Nf8 39. Nc1 Bd7 40. Ne2 Be8 41.
Ng1 Bg6 42. Be2 Be4+ 43. Kg3 Nh7 44. Nh3 Kg6 45. Nf2 Bc2 46. Kf3 Kh6 47. Ke3
Nb8 48. Bc1 Na6 49. Kd2 Bg6 50. Kc3 Nb8 51. Kb3 Na6 52. Nd1 Nc7 53. Nc3 Nf8 54.
Be3 Bh7 55. Na2 Be4 56. Kc3 Ng6 57. Nc1 Nf4 58. Bd1 Ng2 59. Bd2 Nh4 60. Nb3 Ng6
61. Na5 Ne7 62. Nb7 Bg6 63. Be1 Be8 64. Kd3 Bg6+ 65. Ke3 Be8 66. Bd2 Bg6 67.
Kf3 Be4+ 68. Kg3 Bg6 69. Na5 Bd3 70. Bc3 Na6 71. Nb3 Ng6 72. Na5 Ne7 73. Nb7
Bg6 74. Nd8 Nc7 75. Bd2 Be8 76. Bc2 Ng6 77. Bxg6 1/2-1/2

[Event "4NCL"]
[Site "De Vere, Sunningdale, ENG"]
[Date "2012.02.12"]
[Round "116.6"]
[White "Richmond, Jane"]
[Black "Ackley, Peter JE"]
[Result "1-0"]
[WhiteElo "2074"]
[BlackElo "2047"]
[PlyCount "65"]
[EventDate "2012.??.??"]
[WhiteTeam "Brown Jack"]
[BlackTeam "Spirit of Atticus"]

1. e4 e6 2. d4 d5 3. Nc3 Bb4 4. e5 c5 5. Bd2 Ne7 6. f4 Nbc6 7. Nf3 O-O 8. Ne2
Bxd2+ 9. Qxd2 cxd4 10. Nexd4 Nxd4 11. Nxd4 Qb6 12. O-O-O Nc6 13. h4 Bd7 14. Rh3
Nxd4 15. Qxd4 Qxd4 16. Rxd4 Rfc8 17. Kd2 Rc5 18. Rc3 Rxc3 19. Kxc3 Rc8+ 20. Kd2
Kf8 21. Rb4 Rc7 22. Rb3 Ke7 23. Rg3 g6 24. h5 Rc5 25. h6 Bb5 26. b4 Rc4 27.
Bxc4 Bxc4 28. a4 a6 29. Ke3 Kd7 30. Kd4 b5 31. axb5 Bxb5 32. Rc3 Kd8 33. g4 1-0

[Event "4NCL"]
[Site "De Vere, Sunningdale, ENG"]
[Date "2012.02.12"]
[Round "116.7"]
[White "Connor, Stephen J"]
[Black "Bourne, Johnathan D"]
[Result "1/2-1/2"]
[WhiteElo "2069"]
[BlackElo "2081"]
[PlyCount "79"]
[EventDate "2012.??.??"]
[WhiteTeam "Spirit of Atticus"]
[BlackTeam "Brown Jack"]

1. Nf3 Nf6 2. c4 g6 3. g3 Bg7 4. Bg2 O-O 5. Nc3 d6 6. O-O e5 7. d3 Nc6 8. Rb1
a5 9. a3 Re8 10. e4 h6 11. h3 Bd7 12. Be3 Kh7 13. Kh2 Rb8 14. Rc1 g5 15. Nd5
Ne7 16. Nxf6+ Bxf6 17. d4 exd4 18. Bxd4 Nc6 19. Bxf6 Qxf6 20. Qd2 Kg7 21. Rfe1
Re7 22. c5 Rbe8 23. cxd6 cxd6 24. Rcd1 Rxe4 25. Rxe4 Rxe4 26. Qxd6 Qxd6 27.
Rxd6 Bf5 28. Nd2 Re6 29. Rd5 Ne7 30. Rd4 b5 31. Bf1 Rb6 32. b4 axb4 33. Rxb4
Bd7 34. Rd4 Be6 35. Rb4 Bd7 36. Rb2 Nd5 37. Ne4 b4 38. axb4 Rxb4 39. Rxb4 Nxb4
40. Bc4 1/2-1/2

[Event "4NCL"]
[Site "De Vere, Sunningdale, ENG"]
[Date "2012.02.12"]
[Round "116.8"]
[White "Owens, Megan R"]
[Black "Mort, Andrew J"]
[Result "1/2-1/2"]
[WhiteElo "1802"]
[BlackElo "2017"]
[PlyCount "80"]
[EventDate "2012.??.??"]
[WhiteTeam "Brown Jack"]
[BlackTeam "Spirit of Atticus"]

1. c4 c5 2. g3 Nf6 3. Bg2 d5 4. cxd5 Nxd5 5. Nc3 Nc7 6. Nf3 Nc6 7. d3 e5 8. Be3
Ne6 9. O-O Be7 10. Rc1 f6 11. Nd2 Bd7 12. Nb3 Rb8 13. Ne4 b6 14. Qd2 O-O 15.
Nc3 Ncd4 16. Nd5 Rc8 17. f4 Nxb3 18. axb3 exf4 19. Nxf4 Nxf4 20. Bxf4 Be6 21.
Rc3 Qd4+ 22. Be3 Qd7 23. Rd1 Qb5 24. Ra1 a5 25. Rac1 Rcd8 26. Qd1 f5 27. d4 Bf6
28. Rd3 cxd4 29. Bf4 Rc8 30. Rxc8 Rxc8 31. e3 dxe3 32. Bxe3 Be7 33. Bd5 Bxd5
34. Rxd5 Qc6 35. Rxf5 Rd8 36. Qf1 Rc8 37. Qd1 Bc5 38. Bxc5 bxc5 39. Qd5+ Qxd5
40. Rxd5 Kf7 1/2-1/2

[Event "4NCL Division 2a"]
[Site "Barcelo Hotel, Hinkley Island "]
[Date "2012.03.31"]
[Round "7.11"]
[White "Brown, Alan M"]
[Black "Slaby, Jerzy"]
[Result "0-1"]
[WhiteElo "2135"]
[BlackElo "2493"]
[PlyCount "44"]
[EventDate "2012.03.31"]

1. d4 Nf6 2. c4 g6 3. Nc3 Bg7 4. e4 d6 5. Be2 O-O 6. Bg5 Na6 7. h3 Qe8 8. Nf3
e5 9. d5 Nd7 10. g4 Ndc5 11. a3 f5 12. gxf5 gxf5 13. Nd2 fxe4 14. Ndxe4 Nxe4
15. Nxe4 Qg6 16. Bf3 Nc5 17. Nxc5 Qxg5 18. Ne4 Qh4 19. Qe2 Rf4 20. O-O-O Bf5
21. Rde1 Rf8 22. Rh2 Rxe4 0-1

[Event "4NCL Division 2a"]
[Site "Barcelo Hotel, Hinkley Island "]
[Date "2012.03.31"]
[Round "7.12"]
[White "Polaczek, Richard"]
[Black "Tippleston, Charles E"]
[Result "1-0"]
[WhiteElo "2377"]
[BlackElo "2150"]
[PlyCount "93"]
[EventDate "2012.03.31"]

1. d4 Nf6 2. Nf3 e6 3. g3 b6 4. Bg2 Bb7 5. c4 Be7 6. Nc3 Ne4 7. Bd2 Nxc3 8.
Bxc3 O-O 9. O-O d6 10. Re1 f5 11. Nd2 Bxg2 12. Kxg2 d5 13. b3 Nd7 14. Nf3 Qe8
15. Qd3 c6 16. Rac1 Ba3 17. Rc2 Qe7 18. Rd1 a6 19. Bd2 b5 20. Bf4 Rfc8 21. c5
Bb4 22. Bd6 Qf6 23. h4 Ba5 24. Qe3 h6 25. a4 Bd8 26. Ra2 Be7 27. Bf4 b4 28. a5
Bd8 29. Ra4 Ra7 30. Qd3 Bc7 31. Bxc7 Rcxc7 32. Rxb4 Kf7 33. Rb6 e5 34. dxe5
Nxe5 35. Nxe5+ Qxe5 36. Rxa6 Rxa6 37. Qxa6 Qe4+ 38. Kg1 Qc2 39. Qd3 Qxc5 40.
Qxf5+ Kg8 41. b4 Qxb4 42. Rb1 Qf8 43. Qxf8+ Kxf8 44. a6 Ke7 45. Rb7 Kd6 46. a7
Rc8 47. Rb8 1-0

[Event "4NCL Division 2a"]
[Site "Barcelo Hotel, Hinkley Island "]
[Date "2012.03.31"]
[Round "7.13"]
[White "Williamson, Kevin J"]
[Black "Ross, Chris N"]
[Result "1/2-1/2"]
[WhiteElo "2083"]
[BlackElo "2230"]
[PlyCount "70"]
[EventDate "2012.03.31"]

1. d4 Nf6 2. Nc3 d5 3. Bg5 Nbd7 4. e3 e6 5. Qf3 c5 6. O-O-O Qa5 7. Kb1 a6 8.
Nge2 cxd4 9. exd4 b5 10. Ng3 Bb7 11. Bd3 h6 12. Bd2 Qb6 13. Nce2 O-O-O 14. c3
Kb8 15. Nc1 Rc8 16. Bc2 b4 17. cxb4 Bxb4 18. Bxb4 Qxb4 19. Qb3 Qd6 20. f3 Rc4
21. Qe3 Rhc8 22. Bb3 R4c7 23. Nd3 Nb6 24. Nc5 Nfd7 25. Nxb7 Kxb7 26. Rc1 Nc4
27. Bxc4 Rxc4 28. Rxc4 Rxc4 29. Rc1 Rxc1+ 30. Kxc1 Nb6 31. b3 Qa3+ 32. Kb1 Qb4
33. Kc2 Qa3 34. Kb1 Qb4 35. Kc2 Qa3 1/2-1/2

[Event "4NCL Division 2a"]
[Site "Barcelo Hotel, Hinkley Island "]
[Date "2012.03.31"]
[Round "7.14"]
[White "Batchelor, Peter J"]
[Black "Malhotra, Tarun"]
[Result "1-0"]
[WhiteElo "2006"]
[BlackElo "1982"]
[PlyCount "107"]
[EventDate "2012.03.31"]

1. d4 f5 2. Nf3 Nf6 3. g3 g6 4. Bg2 Bg7 5. c4 O-O 6. Nc3 d6 7. O-O Nc6 8. b3
Bd7 9. Bb2 h6 10. d5 Na5 11. Qd3 e5 12. dxe6 Bxe6 13. Nd4 Bf7 14. f4 Qd7 15.
Rab1 Rae8 16. e4 Nc6 17. exf5 Nxd4 18. fxg6 c5 19. gxf7+ Qxf7 20. Ne4 Nxe4 21.
Bxe4 Qd7 22. Rbe1 Kh8 23. Bxd4 Bxd4+ 24. Kg2 Rf6 25. Re2 Qg7 26. Bd5 Ref8 27.
Qe4 b6 28. Qe7 Qg6 29. Qe4 Qg4 30. Qf3 Qg6 31. Re4 a6 32. Rfe1 h5 33. Re6 h4
34. Rxf6 Bxf6 35. Re6 hxg3 36. hxg3 Kg7 37. Be4 Qh6 38. Qg4+ Kh8 39. Rxd6 Rg8
40. Qh3 Qxh3+ 41. Kxh3 Bd8 42. Kg2 Rf8 43. Rd5 a5 44. Kf3 Bf6 45. g4 Rd8 46.
Rxd8+ Bxd8 47. g5 Kg7 48. Kg4 Bc7 49. f5 Be5 50. f6+ Kf7 51. Kf5 Bc3 52. g6+
Kg8 53. Bd5+ Kf8 54. g7+ 1-0

[Event "4NCL Division 2a"]
[Site "Barcelo Hotel, Hinkley Island "]
[Date "2012.03.31"]
[Round "7.15"]
[White "Smith, Graham M"]
[Black "Burrows, Martin P"]
[Result "0-1"]
[WhiteElo "2069"]
[BlackElo "2152"]
[PlyCount "76"]
[EventDate "2012.03.31"]

1. e4 c5 2. Nf3 d6 3. Bb5+ Nd7 4. d4 Ngf6 5. O-O cxd4 6. Qxd4 e6 7. c4 Be7 8.
Nc3 O-O 9. h3 a6 10. Ba4 Qc7 11. Bc2 b6 12. b3 Bb7 13. Bb2 Rfd8 14. Rac1 Rac8
15. Rfe1 Bc6 16. a4 Bf8 17. Nd2 Qb8 18. Kh1 Nc5 19. f4 e5 20. Qf2 Re8 21. f5 b5
22. axb5 axb5 23. Rb1 b4 24. Nd5 Nxd5 25. exd5 Bd7 26. Ne4 Nxe4 27. Bxe4 Qc7
28. Ra1 Ra8 29. Qg1 Reb8 30. g4 Qd8 31. g5 Rxa1 32. Rxa1 Ra8 33. h4 Kh8 34. c5
dxc5 35. Bxe5 Bxf5 36. Bxf5 Qxd5+ 37. Qg2 Rxa1+ 38. Bxa1 Qxf5 0-1

[Event "4NCL Division 2a"]
[Site "Barcelo Hotel, Hinkley Island "]
[Date "2012.03.31"]
[Round "7.16"]
[White "Birtwistle, Nigel"]
[Black "Elwin, Adrian G"]
[Result "1-0"]
[WhiteElo "2173"]
[BlackElo "1986"]
[PlyCount "99"]
[EventDate "2012.03.31"]

1. d4 Nf6 2. c4 g6 3. Nc3 Bg7 4. e4 d6 5. Nge2 O-O 6. Ng3 e5 7. d5 Ne8 8. h4 f5
9. exf5 Bxf5 10. Nxf5 gxf5 11. Bg5 Nf6 12. Qd2 Qe8 13. Bh6 Bxh6 14. Qxh6 Qg6
15. Qd2 Nbd7 16. O-O-O Kh8 17. f3 Nh5 18. Rg1 Ng3 19. Bd3 Rac8 20. Kb1 Nc5 21.
Bc2 Qf6 22. Qf2 Rg8 23. Ne2 f4 24. Nxg3 Rxg3 25. b4 Na6 26. a3 b6 27. Qe2 Nb8
28. Qe4 Qg7 29. h5 Rf8 30. Rd2 Nd7 31. Rh1 Nf6 32. h6 Qf7 33. Qf5 Nd7 34. Qe4
Rfg8 35. Rh2 R8g5 36. Qd3 Nf6 37. c5 e4 38. Qc4 exf3 39. gxf3 Rg1+ 40. Kb2 Nxd5
41. Qd4+ Nf6 42. cxd6 cxd6 43. Qxf4 d5 44. Rhe2 Rh5 45. Re5 Rxe5 46. Qxe5 Kg8
47. Qe3 Rg3 48. Qf4 Rg1 49. Re2 Nd7 50. Bxh7+ 1-0

[Event "4NCL Division 2a"]
[Site "Barcelo Hotel, Hinkley Island "]
[Date "2012.03.31"]
[Round "7.17"]
[White "Majer, Chris E"]
[Black "Cumbers, Paul"]
[Result "1-0"]
[WhiteElo "2019"]
[BlackElo "2157"]
[PlyCount "113"]
[EventDate "2012.03.31"]

1. e4 e6 2. d4 d5 3. e5 c5 4. c3 Nc6 5. Nf3 Qb6 6. Bd3 cxd4 7. cxd4 Bd7 8. O-O
Nxd4 9. Nxd4 Qxd4 10. Nc3 a6 11. Qe2 Ne7 12. Kh1 Nc6 13. f4 Nb4 14. Rd1 Bc5 15.
Bxa6 Qf2 16. Qxf2 Bxf2 17. Bb5 Bxb5 18. Nxb5 Rxa2 19. Rxa2 Nxa2 20. Nd6+ Kd7
21. Bd2 Ra8 22. Nxf7 Bc5 23. Ng5 h6 24. Nf3 Nb4 25. Bc3 Rf8 26. g3 g5 27. Rf1
gxf4 28. gxf4 Nd3 29. Bd2 Nf2+ 30. Rxf2 Bxf2 31. Kg2 Bb6 32. Kh3 Kc6 33. Kg4
Kb5 34. Nh4 Kc4 35. f5 exf5+ 36. Nxf5 h5+ 37. Kg5 Bd8+ 38. Kg6 Kd3 39. Bc3 Bc7
40. e6 Ke4 41. e7 Ra8 42. h3 Be5 43. Ng7 Bxc3 44. bxc3 Kd3 45. e8=Q Rxe8 46.
Nxe8 Kxc3 47. Nd6 b6 48. Kxh5 d4 49. Kg6 d3 50. Ne4+ Kc2 51. h4 b5 52. h5 b4
53. h6 b3 54. h7 b2 55. h8=Q b1=Q 56. Qc3+ Kd1 57. Qd2# 1-0

[Event "4NCL Division 2a"]
[Site "Barcelo Hotel, Hinkley Island "]
[Date "2012.03.31"]
[Round "7.22"]
[White "Harley, Andrew D"]
[Black "Williams, Winston"]
[Result "1-0"]
[WhiteElo "2221"]
[BlackElo "2181"]
[PlyCount "47"]
[EventDate "2012.03.31"]

1. e4 c6 2. d4 d5 3. exd5 cxd5 4. c4 Nf6 5. Nc3 e6 6. Nf3 dxc4 7. Bxc4 Be7 8.
O-O O-O 9. Qe2 Nbd7 10. Bg5 Nb6 11. Bb3 h6 12. Bh4 Nbd5 13. Rad1 a6 14. Ne5 Qa5
15. Qf3 g5 16. Bg3 Qd8 17. h4 Kg7 18. Qe2 Bd7 19. hxg5 hxg5 20. f4 Nxc3 21.
bxc3 gxf4 22. Rxf4 Rh8 23. Bh4 Rh6 24. Bg5 1-0

[Event "4NCL Division 2a"]
[Site "Barcelo Hotel, Hinkley Island "]
[Date "2012.03.31"]
[Round "7.24"]
[White "Rosen, Daniel B"]
[Black "Hackner, Oskar A"]
[Result "1/2-1/2"]
[WhiteElo "2125"]
[BlackElo "1987"]
[PlyCount "90"]
[EventDate "2012.03.31"]

1. e4 e6 2. d4 d5 3. Nc3 Nf6 4. Bg5 dxe4 5. Nxe4 Be7 6. Nxf6+ Bxf6 7. Bxf6 Qxf6
8. Nf3 c5 9. c3 cxd4 10. Qxd4 Qxd4 11. Nxd4 a6 12. Bd3 Nd7 13. O-O Nc5 14. Bc2
Bd7 15. a4 a5 16. Nb5 Ke7 17. Rfd1 Rhd8 18. f3 Bc6 19. Kf2 e5 20. Ke3 g6 21. g3
f5 22. f4 exf4+ 23. Kxf4 Kf6 24. Ke3 g5 25. Rxd8 Rxd8 26. Rd1 f4+ 27. gxf4 Re8+
28. Kf2 gxf4 29. Re1 Rg8 30. Rg1 Rd8 31. Nd4 Ne6 32. Rd1 Be8 33. Nxe6 Rxd1 34.
Bxd1 Kxe6 35. b4 axb4 36. cxb4 Kd5 37. Bf3+ Kc4 38. Bxb7 Kxb4 39. Kf3 Bxa4 40.
Kxf4 Bc2 41. Kg5 Kc5 42. Bc8 Kd4 43. Bf5 Bxf5 44. Kxf5 Kd5 45. h4 h5 1/2-1/2

[Event "4NCL Division 2a"]
[Site "Barcelo Hotel, Hinkley Island "]
[Date "2012.03.31"]
[Round "7.25"]
[White "Bak, Andrew"]
[Black "Winfridsson, Ola"]
[Result "1-0"]
[WhiteElo "2027"]
[BlackElo "2122"]
[PlyCount "55"]
[EventDate "2012.03.31"]

1. e4 c6 2. d4 d5 3. e5 Bf5 4. h4 h5 5. Bg5 Qb6 6. Bd3 Nh6 7. Bxh6 Bxd3 8. Qxd3
Rxh6 9. Nd2 e6 10. Ne2 c5 11. c4 dxc4 12. Nxc4 Qb4+ 13. Nc3 Nc6 14. O-O Nxd4
15. Ne4 Rd8 16. Rfd1 Be7 17. Ncd6+ Bxd6 18. Nxd6+ Ke7 19. Qe4 Rd7 20. Rac1 Rg6
21. Rc4 Qxb2 22. Rxc5 Ne2+ 23. Kf1 Nc3 24. Qf3 f5 25. Qxc3 Qxc3 26. Rxc3 Rg4
27. Rc8 Rd8 28. Nxf5+ 1-0

[Event "4NCL Division 2a"]
[Site "Barcelo Hotel, Hinkley Island "]
[Date "2012.03.31"]
[Round "7.26"]
[White "McEwan, Ken B"]
[Black "Nicholson, Jim WR"]
[Result "1-0"]
[WhiteElo "2109"]
[BlackElo "1990"]
[PlyCount "131"]
[EventDate "2012.03.31"]

1. d4 d6 2. g3 e5 3. dxe5 dxe5 4. Qxd8+ Kxd8 5. Bg2 c6 6. Nf3 f6 7. Bd2 Be6 8.
Nc3 Nd7 9. O-O-O Kc7 10. Ne1 Nh6 11. Bxh6 gxh6 12. a3 Be7 13. e4 a5 14. Nb1 b5
15. b3 Nc5 16. Nd3 Rhd8 17. Nxc5 Bxc5 18. f3 Rd4 19. Rxd4 Bxd4 20. c3 Bc5 21.
Kc2 Rd8 22. g4 Be3 23. Bf1 Kb6 24. Be2 a4 25. b4 Bb3+ 26. Kb2 h5 27. h3 h4 28.
Re1 Bf4 29. Rf1 Rd6 30. Rg1 Kc7 31. Rf1 Kd8 32. c4 bxc4 33. Kc3 Be3 34. b5 c5
35. Bxc4 Bd4+ 36. Kd3 Bb2+ 37. Bd5 c4+ 38. Kd2 Kc7 39. Rg1 h6 40. Rf1 Kb6 41.
f4 exf4 42. Rxf4 Kc5 43. Rf5 Kd4 44. Rf3 Kc5 45. Rf5 Kxb5 46. Ke3 Kb6 47. Nd2
Bxa3 48. Nxc4+ Bxc4 49. Bxc4 Bc1+ 50. Ke2 a3 51. Rb5+ Kc7 52. Bd5 Rb6 53. Rc5+
Kd6 54. Rxc1 Rb2+ 55. Kf3 Rh2 56. Kf4 Rf2+ 57. Ke3 Rh2 58. Rc6+ Ke7 59. Rc7+
Kd6 60. Rc6+ Ke7 61. Re6+ Kd7 62. Rxf6 Rxh3+ 63. Kf4 Rh2 64. Rxh6 a2 65. Ra6 h3
66. Kg3 1-0

[Event "4NCL Division 2a"]
[Site "Barcelo Hotel, Hinkley Island "]
[Date "2012.03.31"]
[Round "7.28"]
[White "Redman, David J"]
[Black "Edwards-Wright, Miles D"]
[Result "0-1"]
[WhiteElo "1803"]
[BlackElo "1995"]
[PlyCount "128"]
[EventDate "2012.03.31"]

1. d4 g6 2. b3 Bg7 3. Bb2 d6 4. g3 Nd7 5. Bg2 c6 6. e4 Qc7 7. Nc3 a6 8. f4 e6
9. Qd2 d5 10. exd5 cxd5 11. O-O-O Ne7 12. Re1 Qd6 13. Nh3 O-O 14. g4 b5 15.
Rhg1 Bb7 16. Nd1 a5 17. Qe2 Ba6 18. f5 b4 19. Qf3 exf5 20. gxf5 Nxf5 21. Qxd5
Qxd5 22. Bxd5 Rac8 23. Kb1 Nxd4 24. Bxd4 Bxd4 25. Rg4 Bg7 26. Nf4 Nf6 27. Rg2
Kh8 28. Bf3 Bh6 29. Nd3 Bxd3 30. cxd3 Rc1+ 31. Kb2 Rfc8 32. d4 Bg7 33. Rd2 Bh6
34. Rde2 R1c7 35. Nf2 Rc3 36. Bb7 R8c7 37. Ne4 Nxe4 38. Bxe4 f5 39. Bd5 Bc1+
40. Kb1 Kg7 41. Re7+ Rxe7 42. Rxe7+ Kf6 43. Re1 Be3 44. Rd1 Bf4 45. Bc4 Re3 46.
d5 Bd6 47. Kc2 g5 48. Kd2 Re4 49. h3 Rd4+ 50. Kc2 Rxd1 51. Kxd1 h5 52. Ke2 Ke5
53. Ke3 g4 54. hxg4 hxg4 55. Kf2 f4 56. Ke2 f3+ 57. Kf2 Kf4 58. Kg1 Bc5+ 59.
Kh1 g3 60. Bf1 Ke5 61. d6 Kxd6 62. a4 bxa3 63. b4 a2 64. bxc5+ Kxc5 0-1

[Event "4NCL Division 2a"]
[Site "Barcelo Hotel, Hinkley Island "]
[Date "2012.03.31"]
[Round "7.31"]
[White "Spencer, Carl J"]
[Black "Sands, David A"]
[Result "0-1"]
[WhiteElo "2171"]
[BlackElo "2239"]
[PlyCount "80"]
[EventDate "2012.03.31"]

1. e4 c5 2. Nf3 d6 3. Bb5+ Nc6 4. d4 cxd4 5. Qxd4 Bd7 6. Bxc6 Bxc6 7. Nc3 Nf6
8. Bg5 e6 9. O-O-O Be7 10. Rhe1 O-O 11. Kb1 Qc7 12. Qd2 Rfd8 13. Nd4 a6 14. f3
b5 15. g4 Be8 16. Nce2 a5 17. Ng3 Kh8 18. Nh5 Ng8 19. h4 b4 20. Be3 Bf8 21. g5
Ne7 22. f4 Nc6 23. f5 Nxd4 24. Bxd4 e5 25. Be3 Bc6 26. Ng3 d5 27. exd5 Bxd5 28.
Qf2 Qc6 29. f6 g6 30. h5 Rd7 31. hxg6 fxg6 32. Rd2 a4 33. Ne2 Bxa2+ 34. Kc1
Rxd2 35. Bxd2 Bf7 36. Qh4 a3 37. bxa3 bxa3 38. Rh1 h5 39. Bc3 a2 40. Kb2 Qb5+
0-1

[Event "4NCL Division 2a"]
[Site "Barcelo Hotel, Hinkley Island "]
[Date "2012.03.31"]
[Round "7.32"]
[White "Berry, Neil"]
[Black "Churm, Rohan M"]
[Result "1/2-1/2"]
[WhiteElo "2308"]
[BlackElo "2161"]
[PlyCount "79"]
[EventDate "2012.03.31"]

1. Nf3 d5 2. c4 e6 3. g3 c6 4. Bg2 dxc4 5. a4 Qc7 6. Na3 Bxa3 7. Rxa3 e5 8.
Nxe5 Be6 9. d4 cxd3 10. Nxd3 Nf6 11. Nf4 O-O 12. Nxe6 fxe6 13. O-O Nbd7 14. b4
c5 15. Rc3 Rac8 16. bxc5 Nxc5 17. Ba3 b6 18. Qc2 Nfd7 19. Be4 Nf6 20. Bd3 Qe5
21. Rc4 Rfd8 22. Bb2 Qc7 23. Bxf6 gxf6 24. Bxh7+ Kf8 25. Be4 Qg7 26. Bf3 f5 27.
e4 fxe4 28. Bxe4 Rd4 29. Bg2 Rcd8 30. a5 Qe5 31. axb6 axb6 32. Rxd4 Qxd4 33.
Qg6 Ke7 34. h4 Rf8 35. Bh3 Rf6 36. Qg7+ Kd6 37. Qh8 Ke7 38. Qg7+ Kd6 39. Qh8
Ke7 40. Qg7+ 1/2-1/2

[Event "4NCL Division 2a"]
[Site "Barcelo Hotel, Hinkley Island "]
[Date "2012.03.31"]
[Round "7.34"]
[White "O'Toole, George E"]
[Black "Pickard, Charles"]
[Result "0-1"]
[WhiteElo "2177"]
[BlackElo "2125"]
[PlyCount "58"]
[EventDate "2012.03.31"]

1. e4 c5 2. c3 d5 3. exd5 Qxd5 4. d4 g6 5. dxc5 Qxc5 6. Be3 Qc7 7. Na3 a6 8.
Nf3 Bg7 9. Nc4 Nd7 10. a4 Ngf6 11. Qb3 O-O 12. Be2 Nd5 13. Rd1 Nc5 14. Qa3 Nxe3
15. Nxe3 Be6 16. Nd4 Bxd4 17. Rxd4 b5 18. a5 Nb3 19. Rh4 Nc1 20. f4 Nxe2 21.
Kxe2 Bc4+ 22. Kf2 Rad8 23. Re1 Rd2+ 24. Kg1 e5 25. Ng4 Qc6 26. Ne3 exf4 27.
Rxf4 Re8 28. Rg4 f5 29. Rd4 Rxe3 0-1

[Event "4NCL Division 2a"]
[Site "Barcelo Hotel, Hinkley Island "]
[Date "2012.03.31"]
[Round "7.35"]
[White "Chan, Nevil"]
[Black "Sen, Subin"]
[Result "0-1"]
[WhiteElo "2117"]
[BlackElo "2134"]
[PlyCount "86"]
[EventDate "2012.03.31"]

1. d4 Nf6 2. Nc3 d5 3. Bg5 e6 4. Nf3 Be7 5. e3 Nbd7 6. Bd3 h6 7. Bh4 c5 8. O-O
O-O 9. Ne5 Nxe5 10. dxe5 Nd7 11. Bxe7 Qxe7 12. f4 a6 13. a4 b6 14. Qf3 Bb7 15.
Ne2 c4 16. Bxc4 Nxe5 17. fxe5 dxc4 18. Qg3 Rad8 19. Nd4 Qg5 20. Qxg5 hxg5 21.
a5 b5 22. Rad1 Rd5 23. Nf3 g4 24. Rxd5 Bxd5 25. Nd4 f5 26. g3 Kf7 27. Rf2 Rc8
28. c3 Ke7 29. Rd2 Be4 30. Ne2 Bd3 31. Nc1 Rc5 32. Nxd3 Rd5 33. Kf2 cxd3 34. e4
fxe4 35. Ke3 Rxe5 36. b3 g5 37. Rf2 Kd6 38. Rd2 Kd5 39. Ra2 Rf5 40. c4+ bxc4
41. bxc4+ Ke5 42. Ra4 Rf3+ 43. Kd2 Rf2+ 0-1

[Event "4NCL Division 2a"]
[Site "Barcelo Hotel, Hinkley Island "]
[Date "2012.03.31"]
[Round "7.36"]
[White "Farrand, Julian T"]
[Black "Lee, Richard WY"]
[Result "1-0"]
[WhiteElo "2121"]
[BlackElo "2031"]
[PlyCount "107"]
[EventDate "2012.03.31"]

1. d4 d5 2. Nc3 e6 3. e4 Nf6 4. Bg5 Be7 5. e5 Nfd7 6. Bxe7 Qxe7 7. Qg4 f5 8.
exf6 Nxf6 9. Qh4 c5 10. Nf3 Nc6 11. Bb5 Bd7 12. Bxc6 bxc6 13. Na4 cxd4 14. Qxd4
Ne4 15. b4 c5 16. bxc5 O-O 17. O-O Bxa4 18. Qxa4 Qxc5 19. Rac1 Rac8 20. Qd7 Rf6
21. h3 Rcf8 22. Rb1 Qxc2 23. Rb7 R6f7 24. Qxe6 Nc5 25. Rc7 Qxf2+ 26. Rxf2 Nxe6
27. Rxf7 Rxf7 28. Re2 Nf4 29. Re8+ Rf8 30. Re7 Nxh3+ 31. Kh2 Nf4 32. Rxa7 Re8
33. Nd4 g6 34. Kg3 Re4 35. Nc6 Nh5+ 36. Kf3 Rf4+ 37. Ke3 Re4+ 38. Kf3 Rf4+ 39.
Ke3 Rg4 40. Kf3 Rg3+ 41. Kf2 Rg5 42. a4 Nf4 43. a5 Nd3+ 44. Kg1 Ne5 45. Ne7+
Kf8 46. a6 d4 47. Rb7 Nf3+ 48. Kf2 Ra5 49. a7 Ne5 50. Nd5 Ra2+ 51. Kg3 Nc6 52.
Rb8+ Nxb8 53. axb8=Q+ Kf7 54. Qb6 1-0

[Event "4NCL Division 2a"]
[Site "Barcelo Hotel, Hinkley Island "]
[Date "2012.03.31"]
[Round "7.38"]
[White "Brett, Andrew R"]
[Black "Kalaiyalahan, Akshaya"]
[Result "1-0"]
[WhiteElo "2087"]
[BlackElo "1640"]
[PlyCount "89"]
[EventDate "2012.03.31"]

1. c4 g6 2. Nc3 Bg7 3. g3 e5 4. Bg2 f5 5. d3 Nf6 6. e3 O-O 7. Nge2 d6 8. O-O
Nc6 9. b3 Ne8 10. Bb2 Qg5 11. f4 Qd8 12. d4 Qe7 13. Nd5 Qd7 14. Rc1 e4 15. a3
Ne7 16. Nxe7+ Qxe7 17. Qd2 Bd7 18. b4 Nf6 19. d5 Rad8 20. Rfd1 Bc8 21. Nd4 Qe8
22. Nb5 a6 23. Nxc7 Qe7 24. Na8 Nd7 25. Bxg7 Kxg7 26. Qd4+ Qf6 27. Qxf6+ Rxf6
28. c5 dxc5 29. bxc5 Rdf8 30. Bf1 Rh8 31. a4 a5 32. Bb5 Rf7 33. d6 Nf6 34. Nb6
Be6 35. Bc4 Bxc4 36. Nxc4 Ra8 37. Rb1 Rc8 38. Ne5 Rff8 39. Rxb7+ Kg8 40. c6 Rb8
41. Rxb8 Rxb8 42. c7 Rc8 43. d7 Nxd7 44. Rxd7 g5 45. Rd8+ 1-0

[Event "4NCL Division 2a"]
[Site "Barcelo Hotel, Hinkley Island "]
[Date "2012.03.31"]
[Round "7.41"]
[White "McMichael, Richard J"]
[Black "Weller, Jean-Luc"]
[Result "0-1"]
[WhiteElo "2266"]
[BlackElo "2074"]
[PlyCount "66"]
[EventDate "2012.03.31"]

1. d4 Nf6 2. Nf3 c5 3. e3 e6 4. Bd3 d5 5. c3 Nc6 6. O-O Bd6 7. Nbd2 O-O 8. Qe2
e5 9. dxe5 Nxe5 10. Nxe5 Bxe5 11. e4 Qc7 12. g3 Bg4 13. f3 Bh3 14. Rf2 c4 15.
Bc2 Bd6 16. exd5 Bc5 17. Ne4 Nxe4 18. fxe4 Bxf2+ 19. Qxf2 f5 20. Bf4 Qd7 21. e5
Qxd5 22. Rd1 Qb5 23. b4 Rad8 24. Re1 Qd5 25. Re2 h6 26. a4 Rfe8 27. Qe3 Re6 28.
Qf2 Rde8 29. Rd2 Qc6 30. b5 Qc7 31. Rd6 g5 32. Be3 Rxe5 33. Rg6+ Kh7 0-1

[Event "4NCL Division 2a"]
[Site "Barcelo Hotel, Hinkley Island "]
[Date "2012.03.31"]
[Round "7.42"]
[White "Arnott, Jonathan W"]
[Black "Thomas, Rik H"]
[Result "1/2-1/2"]
[WhiteElo "2191"]
[BlackElo "2197"]
[PlyCount "32"]
[EventDate "2012.03.31"]

1. e4 Nc6 2. Nf3 d6 3. d4 Nf6 4. Nc3 a6 5. a4 Bg4 6. Be2 e6 7. Be3 Be7 8. Nd2
Bxe2 9. Qxe2 d5 10. e5 Nd7 11. f4 Nb4 12. Nb3 O-O 13. O-O f5 14. Nd1 Rf7 15. c3
Nc6 16. Rf3 Bf8 1/2-1/2

[Event "4NCL Division 2a"]
[Site "Barcelo Hotel, Hinkley Island "]
[Date "2012.03.31"]
[Round "7.43"]
[White "Wittmann, Jochen"]
[Black "Shaw, Peter"]
[Result "1/2-1/2"]
[WhiteElo "2216"]
[BlackElo "2180"]
[PlyCount "49"]
[EventDate "2012.03.31"]

1. f4 Nf6 2. Nf3 d5 3. g3 g6 4. Bg2 Bg7 5. O-O O-O 6. d3 c6 7. c3 Qb6+ 8. Kh1
Nbd7 9. Na3 Re8 10. Qc2 e5 11. Nxe5 Nxe5 12. fxe5 Rxe5 13. e4 Rh5 14. d4 Nxe4
15. Bxe4 dxe4 16. Nc4 Qb5 17. Ne3 f5 18. Rf2 Be6 19. Ng2 Bh6 20. Nf4 Bxf4 21.
Bxf4 Qd5 22. Kg1 Rf8 23. b3 Qd8 24. Rd1 Rf7 25. Qe2 1/2-1/2

[Event "4NCL Division 2a"]
[Site "Barcelo Hotel, Hinkley Island "]
[Date "2012.03.31"]
[Round "7.44"]
[White "Burnett, Jim"]
[Black "Haria, Ravi"]
[Result "1-0"]
[WhiteElo "2136"]
[BlackElo "2060"]
[PlyCount "45"]
[EventDate "2012.03.31"]

1. d4 Nf6 2. c4 c5 3. Nf3 cxd4 4. Nxd4 e5 5. Nb5 d5 6. cxd5 Bc5 7. N5c3 O-O 8.
e3 Qe7 9. Be2 e4 10. a3 a5 11. Nd2 Rd8 12. Nc4 Be6 13. Qc2 Bxd5 14. Nxd5 Rxd5
15. O-O Nc6 16. Bd2 a4 17. Bc3 Nd7 18. Rad1 Rxd1 19. Rxd1 f5 20. b4 axb3 21.
Qxb3 Qe6 22. Rxd7 Rxa3 23. Nxa3 1-0